| 000 | 00976cam a2200277ui 4500 | ||
|---|---|---|---|
| 999 |
_c200447245 _d65457 |
||
| 001 | 200447245 | ||
| 003 | TR-AnTOB | ||
| 005 | 20220729120300.0 | ||
| 007 | ta | ||
| 008 | 220208s2002 tu 000 0 tur d | ||
| 040 |
_aTR-IsYBT _beng _erda _cTR-AnTOB |
||
| 041 | 0 | _atur | |
| 050 | 1 | 4 |
_aJQ1805 _b.G95 2002 |
| 090 |
_aTOBBK JQ1805 _b.G95 2002 |
||
| 245 | 0 | 0 |
_aGYİAD İyi Yönetişim Çalışma Grubu raporu (Mayıs 2002) / _cGenç Yönetici ve İşadamları Derneği (GYİAD). |
| 264 | 1 |
_aİstanbul : _bGenç Yönetici ve İşadamları Derneği (GYİAD), _c2002. |
|
| 300 |
_a56 pages : _btables, graphics ; _c20 cm |
||
| 336 |
_atext _btxt _2rdacontent |
||
| 337 |
_aunmediated _bn _2rdamedia |
||
| 338 |
_avolume _bnc _2rdacarrier |
||
| 650 | 7 |
_aYönetim _xÇalışma ve öğretim _2etuturkob _932186 |
|
| 651 | 7 |
_aTürkiye _xSiyaset ve yönetim _y20. yüzyıl _2etuturkob _9108970 |
|
| 942 |
_2z _cBK |
||